| 000 | 02084nam a2200409 i 4500 | ||
|---|---|---|---|
| 001 | ebr10780726 | ||
| 003 | CaPaEBR | ||
| 006 | m o d | ||
| 007 | cr cn||||||||| | ||
| 008 | 130619t20142014enkad ob 001 0 eng|d | ||
| 020 | _z9781118375983 (cloth : alk. paper) | ||
| 020 | _a9781118375969 (e-book) | ||
| 040 |
_aCaPaEBR _beng _erda _epn _cCaPaEBR |
||
| 035 | _a(OCoLC)860908710 | ||
| 050 | 1 | 4 |
_aQM23.2 _b.E45 2014eb |
| 082 | 0 | 4 |
_a611/.0024617 _223 |
| 100 | 1 |
_aEllis, Harold, _d1926- |
|
| 245 | 1 | 0 |
_aAnatomy for anaesthetists / _cHarold Ellis, Andrew Lawson. |
| 250 | _aNinth edition. | ||
| 264 | 1 |
_aChichester, West Sussex, UK : _bBlackwell Science Ltd., John Wiley & Sons Ltd, _c[2014] |
|
| 264 | 4 | _c�2014 | |
| 300 |
_a1 online resource (362 pages) : _billustrations (some color) |
||
| 336 |
_atext _2rdacontent |
||
| 337 |
_acomputer _2rdamedia |
||
| 338 |
_aonline resource _2rdacarrier |
||
| 504 | _aIncludes bibliographical references and index. | ||
| 505 | 0 | _apart 1. The respiratory pathway, lungs, thoracic wall and diaphragm -- part 2. The heart and great veins of the neck -- part 3. The vertebral canal and its contents -- part 4. The peripheral nerves -- part 5. The autonomic nervous system -- part 6. The cranial nerves -- part 7. Miscellaneous zones of interest -- part 8. The anatomy of pain. | |
| 588 | _aDescription based on print version record. | ||
| 590 | _aElectronic reproduction. Palo Alto, Calif. : ebrary, 2015. Available via World Wide Web. Access may be limited to ebrary affiliated libraries. | ||
| 650 | 0 | _aHuman anatomy. | |
| 650 | 0 | _aAnesthesiology. | |
| 655 | 0 | _aElectronic books. | |
| 700 | 1 |
_aLawson, Andrew _c(Medical ethicist) |
|
| 776 | 0 | 8 |
_iPrint version: _aEllis, Harold. _tAnatomy for anaesthetists. _dChichester, West Sussex, UK : Blackwell Science Ltd., John Wiley & Sons Ltd, [2014] _hxv, 344 pages _z9781118375983 _w(DNLM)101610716 _w(DLC) 2013024798 |
| 797 | 2 | _aebrary. | |
| 856 | 4 | 0 |
_uhttp://site.ebrary.com/lib/rucke/Doc?id=10780726 _zAn electronic book accessible through the World Wide Web; click to view |
| 999 |
_c134443 _d134443 |
||